000 00717nam a2200217 a 4500
001 BRCA_3780
005 20190320204425.0
008 081109s1867----gw-#---###---#000-0#fre-#
041 _afre
044 _agw
050 4 _aF1233.K47
_b.M3 1867
100 1 _aKeratry, Emile, comte de.
_99855
245 1 0 _aL´ empereur Maximilien, son elévation et sa chute, d´ aprés desdocuments inédits
_cpar le comte Émile de Kératry.
260 _aLeipzig, Alemania
_bDuncker et Humboldt
_c1867
300 _a323 p.
_c21 cm.
500 _aB139
600 1 4 _aMaximiliano
_cEmperador de México
_d1832-1867.
_94582
651 4 _aMéxico
_vHistoria
_xIntervención francesa,
_y1861-1867.
_99856
902 _aGFM
942 _2lcc
_cB
999 _c3509
_d3509